The third world handbook

Αποθηκεύτηκε σε:
Λεπτομέρειες βιβλιογραφικής εγγραφής
Κύριος συγγραφέας: Arnold, Guy
Μορφή: Βιβλίο
Γλώσσα:English
Δημοσίευση: London : Cassell, c1994
Έκδοση:2nd ed.
Θέματα:
Ετικέτες: Προσθήκη ετικέτας
Δεν υπάρχουν, Καταχωρήστε ετικέτα πρώτοι!

MARC

LEADER 00000nam a2200000 i 4500
001 1/87366
008 990722s1994 eng d
020 |a 1-884964-12-5 
035 |l 10052278 
040 |a GR-MY-UA  |b gre  |e aacr 
041 0 |a eng 
082 0 |a 909.09724 
100 1 |a Arnold, Guy. 
245 1 4 |a The third world handbook /  |c Guy Arnold 
250 |a 2nd ed. 
260 |a London :   |b Cassell,   |c c1994 
300 |a xii, 213 σ.;  |b εικ.;  |c 25 εκ. 
504 |a Περιέχει ευρετήριο 
650 0 0 |a Regionalism (International organization)  |x Handbooks, manuals, etc. 
651 0 |a Developing countries  |x Politics and government  |x Handbooks, manuals, etc. 
651 0 |a Developing countries  |x Economic conditions  |x Handbooks, manuals, etc. 
852 |a INST  |b LESVOS  |e 19990722  |h 909.09724 ARN  |p 005100020004  |q 005100020004  |t BK  |y 0 
901 |a BIBL1-1999-2 
909 |a Λ  |b 062802 
922 |a 1ΕΛΗ  |b 199812  |c ΚΠΣ/ΤΓ  |d LEADER 
950 |a 118-1998-10-19 
970 |a ΜΟΥΣΤΑΚΑ  |b ΠΗΝΕΛΟΠΗ  |z 1999/07/28